| 000 | 02730nam a2200301 c 4500 | ||
|---|---|---|---|
| 001 | 54063 | ||
| 003 | ES-MaCES | ||
| 005 | 20260123113652.0 | ||
| 008 | 260123s2025 be 2 000 | eng d | ||
| 020 | _a9783631913406 | ||
| 040 |
_aES-MaCES _bspa _cES-MaCES |
||
| 100 | 1 |
_941622 _aPapastamou, Andreas N. |
|
| 245 | 1 | 0 |
_aEmerging issues in European economic diplomacy _cAndreas N. Papastamou |
| 260 |
_aBruxelles _bPeter Lang _c[2025] |
||
| 300 |
_a362 p. _c21 cm |
||
| 520 | 3 | _aLa diplomacia económica es una herramienta multifacética que los países europeos, tanto a nivel individual como colectivo a través de la UE, utilizan para promover sus intereses económicos, fortalecer su posición global y abordar los desafíos globales más acuciantes. En su libro, Andreas N. Papastamou, catedrático de Economía Europea y Diplomacia Económica, quien ejerció como diplomático económico en el Ministerio de Asuntos Exteriores de Grecia durante 23 años, analiza los desafíos contemporáneos de la diplomacia económica, desde la inminente reconstrucción de Ucrania y la respuesta a las cada vez más frecuentes crisis geopolíticas internacionales, hasta la relación entre la promoción de los intereses comerciales de los Estados, la cooperación para el desarrollo y los derechos humanos. El libro consta de seis capítulos que abordan los principales desafíos de la diplomacia económica para la Unión Europea. El primer capítulo ofrece un fructífero repaso de la historia de la diplomacia económica desde las culturas de la antigüedad hasta el siglo XXI, con los desafíos contemporáneos de la globalización, la digitalización y el desarrollo sostenible. El segundo capítulo examina los medios disponibles para la diplomacia económica en Europa para afrontar las cada vez más frecuentes crisis geopolíticas internacionales. El tercer capítulo destaca los planes de las instituciones y los Estados europeos para la reconstrucción de Ucrania tras la guerra. El cuarto capítulo examina los aspectos sensibles de la diplomacia comercial y la cooperación al desarrollo con los derechos humanos. El quinto capítulo se centra en la formación de funcionarios de diplomacia económica y el sexto capítulo en el papel de las universidades europeas a la hora de afrontar las crisis económicas. | |
| 541 | _cCompra | ||
| 650 | 4 |
_arelaciones internacionales _926675 |
|
| 650 | 4 |
_arelaciones económicas _926673 |
|
| 650 | 4 |
_adiplomacia _926686 |
|
| 650 | 4 |
_apolítica exterior _926687 |
|
| 650 | 4 |
_apolítica comunitaria _930776 |
|
| 650 | 4 |
_aderecho comunitario _929866 |
|
| 650 | 4 |
_aUE _926752 |
|
| 653 | 1 | 0 | _aCiencias Sociales-Políticas |
| 902 | _aLIB Libro | ||
| 942 |
_2CES _cBK _h7.0. |
||
| 999 |
_c54063 _d54063 |
||